000 01107naa a22003017a 4500
001 BR8005866
003 BR-BrBNA
005 20240918174654.0
007 ta
008 230509b bl.||||| |||| 00| 0 por d
040 _aBR-BrBNA
_bpor
_cBiblioteca Nacional de Agricultura
041 _a(Pt)
072 _aP12; P10
090 _aP12 BR8005866
100 1 _aGiampa, C.E.Q.
111 1 _a1. Congresso Brasileiro de Aguas Subterraneas
_cRecife, PE (Brazil)
_d9-14 Nov 1980
245 1 _aRecomendacoes basicas para perfuracao de pocos tubulares com equipamentos roto-pneumaticos [recurso hidrico]
260 3 _aRecife, PE (Brasil):
_c1980.
500 _aAnais do 1. Congresso Brasileiro de Aguas Subterraneas Recife, PE (Brasil): 1980. p. 385-399 (BR8005866-AM)P12
650 _aRECURSO HIDRICO
650 _aAGUAS SUBTERRANEAS
650 _aPOCO
650 _aCAPTACAO D'AGUA
650 _aEQUIPAMENTO
773 0 _tAnais do 1. Congresso Brasileiro de Aguas Subterraneas
_wP12 BR8005866
_gRecife, PE (Brasil), 1980. p. 385-399
909 _a202404
_bLucia
_c55
_dLucia Elande
942 _cAM
_2AGRIS
999 _c312763
_d312763